| 000 | 00397cam a2200169ua 4500 | ||
|---|---|---|---|
| 020 | _cRs 1.50 | ||
| 041 |
_ahin _h |
||
| 082 |
_a891.43 _bROB/KI |
||
| 100 | _aRobinhood, . | ||
| 245 |
_aKishore sahithya / _cRobinhood. _hTextual Documents |
||
| 260 |
_aDelhi : _bRajpal Yakit , _c1962. |
||
| 300 | _a100 ; . | ||
| 365 | _aRs 1.50 | ||
| 504 | _a | ||
| 942 | _cBK | ||
| 999 |
_c2426 _d2426 |
||